| 000 | 00914nam a2200217Ia 4500 | ||
|---|---|---|---|
| 001 | 18739 | ||
| 005 | 20260316174012.0 | ||
| 008 | 260306s9999||||xx |||||||||||||| ||und|| | ||
| 041 | _aESP | ||
| 082 |
_a658.5 _bC269 2017 |
||
| 100 |
_aCoyle, John J. _eAUT |
||
| 245 | 0 |
_aAdministración de la cadena de suministro: _buna perspectiva logística |
|
| 260 | _c2017 | ||
| 300 |
_a506 páginas : _c27 cm. |
||
| 650 | _aGEN | ||
| 654 | _aCAN | ||
| 856 |
_uhttps://itmsp.museknowledge.com/UCSP?url=https://www.ebooks7-24.com:443/?il=4643&pg=1 _zVersión digital (2018) |
||
| 856 |
_uhttps://0u213snj9-y-https-ebooks7--24-com.itmsp.museknowledge.com/biblioteca.aspx?t=4E524EF5-2910-4C47-A213-C80260C1B329 _zVéase además: Base de datos Ebook7-24 |
||
| 856 |
_uhttps://0u20fsnlc-y-https-research-ebsco-com.itmsp.museknowledge.com/c/qxo6us/search _zVéase además: Base de datos EBSCOhost |
||
| 942 |
_cLIB _dJUS _fJUS _2ddc |
||
| 999 |
_c18739 _d18739 |
||